000 00465nam a2200121Ia 4500
008 220620s9999||||xx |||||||||||||| ||und||
100 _aDericks P. Shukla
245 0 _aHydro-Geomorphology - Models and Trends
546 _aEnglish[eng]
650 _aPhysical Sciences||Engineering and Technology||Earth and Planetary Sciences||Geomorphometry||Geology and Geophysics
856 _uhttps://www.intechopen.com/books/hydro-geomorphology-models-and-trends
942 _cEB
999 _c26960
_d26960